000 00490cam a22001577a 4500
008 180718b2001 xxu||||| |||| 00| 0 eng d
020 _a8187879009
082 _aA6x54 B669
245 _aIndia briefing: a transformative fifty years
_cedited by Marshall Bouton and Philip Oldenburg
260 _aDelhi
_bAakar Books
_c2001
300 _a324p.
650 _aIndia - Politics and government
650 _aIndia - History, Modern
700 _aOldenburg, Philip
700 _aBouton, Marshall
999 _c399202
_d399202